000 00268nam a2200109Ia 4500
008 200302s9999 xx 000 0 und d
100 _aBryan J. B. Gauld
245 _aStructures for Architects 3rd ed.
260 _bLangman Group Ltd.
260 _c1995
300 _a169 P.,
999 _c947
_d947